| 000 | 01156nam a22003730a 4500 | ||
|---|---|---|---|
| 001 | PT11228 | ||
| 003 | AR-LpoUNG | ||
| 005 | 20210131232431.0 | ||
| 008 | 191001s1979||||sp |||||||||||||||||spa d | ||
| 020 |
_a8433593544 _c$16.52 |
||
| 040 |
_aAR-LpoUNG _bspa _cAR-LpoUNG _eaacr |
||
| 041 | _aspa | ||
| 044 | _asp | ||
| 082 | 0 | _a980.02 527am | |
| 100 | 1 | _aChevalier, François | |
| 245 | 1 | 0 |
_aAmérica Latina : _bde la independencia a nuestros días |
| 250 | _a1ª edición | ||
| 260 |
_aBarcelona : _bLabor, _c1979. |
||
| 300 |
_axix, 504 p. : _btbls., mapas |
||
| 520 | _aSumario: Los hechos; Los problemas; Economía y crecimiento; Sociedades y economía en la historia: permanencias y evolución; Lo psíquico: del pensamiento a la religión; Lo político entre lo económico y la psique; Documentación. | ||
| 650 | 4 | _aCULTURA | |
| 650 | 4 | _aDESCOLONIZACION | |
| 650 | 4 | _aGUERRA | |
| 650 | 4 | _aINDEPENDENCIA | |
| 650 | 4 | _aPOBLACION | |
| 650 | 4 | _aPOLITICA | |
| 650 | 4 | _aPOLITICA ECONOMICA | |
| 650 | 4 | _aRELIGION | |
| 650 | 4 | _aSOBERANIA | |
| 650 | 4 | _aSOCIEDAD | |
| 651 | 4 | _aAmérica Latina | |
| 905 | _a11228 | ||
| 942 | _cLIB | ||
| 999 |
_c15644 _d15644 |
||